000 00229 a2200085 4500
020 _a 978-1784534592
100 _a Ben Campkin and Ger Duijzings
245 _aEngaged Urbanism: Cities and Methodologies
260 _b I.B.Tauris
_c 2016
999 _c13166
_d13166